LEADER 01257nam--2200385---450 001 990001400730203316 005 20210729122633.0 035 $a000140073 035 $aUSA01000140073 035 $a(ALEPH)000140073USA01 035 $a000140073 100 $a20040206d1964----km-y0itay0103----ba 101 0 $aita 102 $aIT 105 $a||||||||001yy 200 1 $aMiti e realtà dell'Imperialismo coloniale francese$e1871-1914$fHenri Brunschwig$gintroduzione di Aldo Garosci$gtraduzione di Guido Federico Poggi 210 $aBologna$cCappelli$d1964 215 $a275 p.$d22 cm 225 $aProblemi e figura di Storia contemporanea$v6 410 0$12001$aProblemi e figura di Storia contemporanea$v6 454 1$12001 461 1$1001-------$12001 700 1$aBRUNSCHWIG,$bHenri$0137291 702 $aPOGGI,$bGuido Federico 702 $aGAROSCI,$bAldo 801 0$aIT$bsalbc$gISBD 912 $a990001400730203316 951 $aX.3.B. 1448 (III E 516)$b19276 L.M.$cIII E 951 $aX.3.B. 1448a (III E 517)$b19107 L.M.$cIII E 951 $aVI.7.B. 2241$b04147 ISLA$cVI.7.$d543302 959 $aBK 969 $aUMA 969 $aISLA 996 $aMiti e realta' dell'imperialismo coloniale francese$9540400 997 $aUNISA LEADER 01624nam 2200397Ia 450 001 996393769103316 005 20221108074752.0 035 $a(CKB)3450000000100447 035 $a(EEBO)2240925527 035 $a(OCoLC)9920465800971 035 $a(EXLCZ)993450000000100447 100 $a19950918d1609 uy | 101 0 $aeng 135 $aurbn||||a|bb| 200 10$aBy the King$b[electronic resource] $ethe kings most excellent Maiestie, finding that the infection of the plague is at this present in sundry places of the city of London .. 210 $aImprinted at London $cBy Robert Barker, Printer to the Kings most Excellent Maiestie$dAnno Dom. 1609 215 $a1 sheet ([1] p.) 300 $aOther title information from first 2 lines of text. 300 $aFor adjourning part of Michaelmas term because of plague. 300 $a"Giuen at our honour of Hampton Court the two and twentieth day of September, in the seuenth yeere of our Reigne of Great Britaine, France and Ireland." 300 $aReproduction of original in: Harvard University. Library. 330 $aeebo-0062 606 $aTerms of court$zEngland$vEarly works to 1800 606 $aPlague$zEngland$zLondon$vEarly works to 1800 607 $aGreat Britain$xHistory$yJames I, 1603-1625 608 $aBroadsides$zLondon (England)$y17th century.$2rbgenr 615 0$aTerms of court 615 0$aPlague 701 $aJames$cKing of England,$f1566-1625.$01001019 801 0$bEBK 801 1$bEBK 801 2$bWaOLN 906 $aBOOK 912 $a996393769103316 996 $aBy the King$92299281 997 $aUNISA